Mathematical modelling of estuarine physics
Furkejuvvon:
| Váldodahkkit: | , |
|---|---|
| Materiálatiipa: | Girji |
| Giella: | eaŋgalasgiella |
| Almmustuhtton: |
Berlín
Springer-Verlag
1980
|
| Ráidu: | Lecture Notes in Coastal and Estuarine Studies, 1
|
| Fáttát: | |
| Fáddágilkorat: |
Lasit fáddágilkoriid
Eai fáddágilkorat, Lasit vuosttaš fáddágilkora!
|
MARC
| LEADER | 00000nam a2200000 a 4500 | ||
|---|---|---|---|
| 001 | UCY8385 | ||
| 003 | CL-VaPUC | ||
| 008 | 950703e19800000GW |||||||||||||||||eng|d | ||
| 082 | 0 | 4 | |a 511.8 |b SUN |2 21 |
| 100 | 0 | |a Sündermann, J |e author |9 339694 | |
| 700 | 0 | |a Holz, K. P |e author |9 339695 | |
| 245 | 1 | 0 | |a Mathematical modelling of estuarine physics |
| 300 | |a 265 p | ||
| 942 | |c BK | ||
| 945 | |d 19950703 00:00:00 |a awong | ||
| 260 | |a Berlín |b Springer-Verlag |c 1980 | ||
| 650 | 0 | |a Estuarios |9 326749 | |
| 650 | 0 | |a Modelos matemáticos |9 259437 | |
| 650 | 0 | |a Mareas |9 261385 | |
| 650 | 0 | |a Oceanografía física |9 339696 | |
| 650 | 0 | |a Simulación por computador |9 260988 | |
| 583 | |a last modification |c 19950703 00:00:00 |k Rodrigo Vera | ||
| 490 | 0 | |a Lecture Notes in Coastal and Estuarine Studies, 1 | |
| 999 | |c 235645 |d 235643 | ||